000 00915nam a22003137a 4500
001 0074
003 DO-SdBNP
005 20161201134605.0
007 0074
008 151210b sp 1984 xxu||||| |||| 00| 0 spa d
020 _a8426705278
040 _aBPMSU
_bspa
_cBPMSU
082 _a629
_bH392L
100 1 0 _aHawkes, Nigel
240 1 _aSpace shuttle
_lEspañol
245 1 3 _aLa lanzadera espacial /
_cNigel Hawkes ; traducción Juan Godo Costa
260 0 _aBarcelona :
_bMarcombo,
_c1984.
300 _a37 p. :
_bil.,
_c30 cm.
490 1 _aBiblioteca técnica juvenil
520 _aIncluye índice alfabético
650 4 _aVUELO ESPACIAL TRIPULADO
650 4 _aNAVES ESPACIALES
650 4 _aCOHETES (AERONÁUTICA)
700 1 2 _aGodo Costa, Juan
_etrad.
830 0 0 _aBiblioteca técnica juvenil
910 _aValidado. Control de calidad MFF
942 _2ddc
_cBK
956 _aBrenda Tavárez
999 _c9101
_d9101